| 000 | 00608nam a2200193 i 4500 | ||
|---|---|---|---|
| 001 | 84015 | ||
| 003 | ES-MaACL | ||
| 005 | 20230906174930.0 | ||
| 007 | t| | ||
| 008 | 041119s1909 fr ||||1| fre d | ||
| 100 | 1 |
_aJaulin, Emile. _966170 |
|
| 245 | 1 | 0 |
_aTravaux graphiques / _cpar Emile Jaulin. |
| 260 |
_aParis : _bH. Dunod, _c1909 ( _eTours : _fDeslis Frères) |
||
| 300 |
_aVIII, 474 p., 7 lám. : _bil. ; _c19 cm. |
||
| 490 | 1 | _aBibliothèque du conducteur de travaux publics | |
| 830 | 0 |
_aBibliothèque du conducteur de travaux publics _9180955 |
|
| 852 |
_aES-MaACL _jF-2044 |
||
| 999 |
_c84015 _d84015 |
||